000 01162nam a2200229Ia 4500
001 L235-7347
003 IT-CnALBA
008 170116s9999||||xx |||||||||||||| ||und||
040 _aIT-CnALBA
_cIT-CnALBA
041 _aITALIANO
100 _aLAURENTIN RENÈ
245 0 _aCOMPENDIO DI MARIOLOGIA.
250 _a2a ed.
260 _aCINISELLO BALSAMO (MI)
_bEDIZIONI PAOLINE
_c1964 [1° Ed.:1963 - Ed.Ling.Originale: 1959]
300 _a268 p. (prefazione: 11)
500 _aMARIA NELL'ANTICO E NEL NUOVO TESTAMENTO. CONCILIO DI EFESO. RIFORMA GREGORIANA. CONCILIO DI TRENTO. IMMACOLATA CONCEZIONE. MATERNITÀ DIVINA. CORREDENTRICE. ASSUNZIONE AL CIELO. PAROUSIA. MARIA E LA CHIESA. AMPIA BIBLIOGRAFIA.
501 _aSocietà San Paolo EM - Piazza San Paolo, 14 - 12051 ALBA (CN) (non commercial uses only) ® Copyright 2017
520 _aMARIA NELL'ANTICO E NEL NUOVO TESTAMENTO. CONCILIO DI EFESO. RIFORMA GREGORIANA. CONCILIO DI TRENTO. IMMACOLATA CONCEZIONE. MATERNITÀ DIVINA. CORREDENTRICE. ASSUNZIONE AL CIELO. PAROUSIA. MARIA E LA CHIESA. AMPIA BIBLIOGRAFIA.
650 _aMARIA SS. ANGELI SANTI DEMONI
942 _cBK
957 _71
999 _a8323
_bNO
_g Copie: 1
_c266529
_d266529